Akutní pankreatitida komplexní přístup

Podrobná bibliografia
Hlavný autor: Kostka, Rodomil, 1947- (Autor)
Médium: Kniha
Jazyk:čeština
Fyzický popis:233 s. grafy, ilustr., tab. 23 cm
Vydavateľské údaje: Praha Galén c2006
ISBN:807262427X
Vydanie:[1. vyd.]
Predmet:

MARC

LEADER 00000nam a2200000 a 4500
001 vtls008855225
003 SK-MaSNL
005 20260301165732.0
008 240314s2006 xr dal g f 001 0 cze
020 |a 807262427X  |q (brož.) 
040 |a SNK  |b slo  |c SNK  |e AACR2 
041 0 |a cze 
044 |a xr  |c CZ 
072 7 |a 616  |x Patológia. Klinická medicína  |2 konspekt 
080 |a 616.37-002.1  |2 2001 
080 |a (035)  |2 2001 
100 1 |a Kostka, Rodomil,  |d 1947-  |4 aut  |9 264711 
245 1 0 |a Akutní pankreatitida  |b komplexní přístup  |c Rodomil Kostka 
250 |a [1. vyd.] 
260 |a Praha  |b Galén  |c c2006 
300 |a 233 s.  |b grafy, ilustr., tab.  |c 23 cm 
504 |a Bibliogr. s. 207-227. Reg. Skrat. 
521 |a Určené pre odbornú verejnosť 
650 0 7 |a akutná pankreatitída  |2 SNKPH  |9 534897 
655 7 |a príručky  |2 SNKPH  |9 74364 
919 |a 80-7262-427-X 
999 |c 825335  |d 827265 
952 |t snkKOS 616.37  |a SNKUST  |b SNKUST  |y PREZ  |7 0  |p 17A0521480  |o snkIC 134131  |i snk2006/23145  |8 4  |g 10.39  |0 0  |1 0  |4 0  |d 2006-10-16  |l 0  |r 2025-04-29 00:00:00  |w 2026-02-24